000 00351nam a2200145Ia 4500
008 230605s2000 xx 000 0 und d
041 _aeng
100 _aTanke
245 _aHuman Resources Management for Hospitality Indu.
260 _bDelmar pub.
_c2000
300 _a446p
520 _aHard Board
520 _aReference Copy
650 _aM.M.
999 _c420788
_d420788